[Event "Mistrzostwa Polski Juniorek Mlodszych do lat 14 - OOM Zachodniopomorskie 2023"]
[Site "Darlowek"]
[Date "1899-12-30"]
[Round "7.14"]
[White "Branka, Julia"]
[Black "Miklosz, Malgorzata"]
[Result "1/2-1/2"]
[WhiteTitle "I"]
[BlackTitle "I"]
[WhiteElo "1324"]
[BlackElo "1226"]

1. d4 d5 2. c4 c6 3. cxd5 cxd5 4. Nc3 Nf6 5. Bf4 a6 6. e3 Nc6 7. Bd3 Bg4 8. Nge2
Qb6 9. O-O Bxe2 10. Qxe2 e6 11. Rac1 Be7 12. a3 Nd7 13. b4 O-O 14. Na4 Qd8 15.
Nc5 Nxc5 16. bxc5 f6 17. Qg4 f5 18. Qe2 Rf6 19. Rb1 Ra7 20. Rb6 Qd7 21. Rfb1 Bd8
22. R6b3 Rg6 23. Bg3 Na5 24. R3b2 Bc7 25. f4 Bd8 26. Be1 Nc6 27. Rb3 Rh6 28. Qb2
Ba5 29. Bg3 Nd8 30. Qf2 Qe7 31. Qf3 Qf7 1/2-1/2

[Event "Mistrzostwa Polski Juniorek Mlodszych do lat 14 - OOM Zachodniopomorskie 2023"]
[Site "Darlowek"]
[Date "1899-12-30"]
[Round "7.15"]
[White "Oszutowska, Anna"]
[Black "Doskocz, Dominika"]
[Result "1/2-1/2"]
[WhiteTitle "I"]
[BlackTitle "I"]
[WhiteElo "1299"]
[BlackElo "1193"]

1. e4 e5 2. Nf3 Nc6 3. Bb5 a6 4. Ba4 Nf6 5. O-O b5 6. Bb3 Bc5 7. d3 d6 8. a4 Rb8
9. axb5 axb5 10. h3 Be6 11. c3 Bb6 12. Be3 h6 13. Nbd2 O-O 14. Re1 Ne7 15. Bxe6
fxe6 16. Nf1 Ng6 17. Qd2 Kh7 18. Ng3 Bxe3 19. fxe3 Ra8 20. d4 exd4 21. exd4 Rxa1
22. Rxa1 e5 23. d5 Qb8 24. Kh1 Qb7 25. b3 Ra8 26. Rxa8 Qxa8 27. Qc2 Qe8 28. c4
bxc4 29. bxc4 Nf4 30. Nh4 Qa8 31. Kh2 Qa7 1/2-1/2

[Event "Mistrzostwa Polski Juniorek Mlodszych do lat 14 - OOM Zachodniopomorskie 2023"]
[Site "Darlowek"]
[Date "1899-12-30"]
[Round "7.16"]
[White "Nowak, Emilia"]
[Black "Wrona, Faustyna"]
[Result "1-0"]
[WhiteTitle "I"]
[BlackTitle "II+"]
[WhiteElo "1252"]
[BlackElo "1046"]

1. e4 e5 2. Nf3 Nc6 3. Bb5 Nge7 4. Nc3 g6 5. d4 exd4 6. Nd5 Bg7 7. Bg5 h6 8. Bf6
Bxf6 9. Nxf6+ Kf8 10. O-O a6 11. Bc4 Kg7 12. Nd5 Re8 13. Nxd4 Nxd5 14. exd5 Ne5
15. Bb3 d6 16. f4 Ng4 17. Qf3 Re3 18. Qd1 Bd7 19. f5 Re4 20. c3 Qe8 21. Qd2 Qe5
22. Nf3 Qxf5 23. Bc2 Nf6 24. Bxe4 Nxe4 25. Qd4+ Kh7 26. Nd2 Qe5 27. Qxe5 dxe5
28. Nxe4 Kg7 29. Rae1 Rd8 30. c4 Bf5 31. Nf2 f6 32. Rd1 Rd6 33. c5 Rd7 34. d6
cxd6 35. cxd6 e4 36. Rfe1 Kf7 37. Nxe4 Be6 38. Nc5 Rd8 39. Rxe6 b6 40. Re7+ Kf8
41. Ne6+ Kg8 42. Nxd8 Kf8 43. Ne6+ Kg8 44. d7 f5 45. d8=Q# 1-0

[Event "Mistrzostwa Polski Juniorek Mlodszych do lat 14 - OOM Zachodniopomorskie 2023"]
[Site "Darlowek"]
[Date "1899-12-30"]
[Round "7.17"]
[White "Mansz, Martyna"]
[Black "Dzierzgowska, Jagoda"]
[Result "0-1"]
[WhiteTitle "I"]
[BlackTitle "I"]
[WhiteElo "1208"]
[BlackElo "1219"]

1. c4 c5 2. g3 Nc6 3. Nf3 e6 4. Bg2 Nf6 5. O-O g6 6. e3 Bg7 7. d4 cxd4 8. Nxd4
O-O 9. Nc3 Re8 10. Nxc6 dxc6 11. e4 e5 12. Bg5 Be6 13. b3 Qc7 14. Qe2 Rad8 15.
f4 exf4 16. Bxf4 Qa5 17. Rac1 Bg4 18. Qc2 h6 19. h3 Be6 20. g4 Nd7 21. Rfd1 Nc5
22. Rxd8 Rxd8 23. Ne2 Bc8 24. Be3 Ne6 25. Nf4 Nxf4 26. Bxf4 h5 27. g5 Be5 28.
Be3 Bd4 29. Bxd4 Rxd4 30. Qf2 Qd2 31. Rf1 Qxf2+ 32. Rxf2 Rd3 33. Kh2 Be6 34. h4
Kf8 35. Bf1 Rd4 36. Bg2 Ke7 37. Rf6 Rd2 38. a4 Rd3 39. Rf3 Rxf3 40. Bxf3 Kd6 41.
Kg3 Ke5 42. a5 b6 43. axb6 axb6 44. Bg2 b5 45. cxb5 cxb5 46. b4 Bc4 47. Bf3 Kd4
48. Kf4 Kc3 49. Ke5 Kxb4 50. Kd4 Kb3 51. Bd1+ Kb2 52. Bf3 Kc2 53. Ke3 b4 54. e5
b3 55. Be4+ Kc1 56. Kd4 Be6 57. Kc3 b2 58. Kd4 b1=Q 59. Bxb1 Kxb1 60. Kd3 Kc1
61. Ke2 Kc2 62. Ke3 Kc3 63. Ke4 Kc4 64. Ke3 Kd5 65. Kf4 Bf5 0-1

[Event "Mistrzostwa Polski Juniorek Mlodszych do lat 14 - OOM Zachodniopomorskie 2023"]
[Site "Darlowek"]
[Date "1899-12-30"]
[Round "7.18"]
[White "Bastrzyk, Kinga"]
[Black "Czarkowska, Dalia"]
[Result "0-1"]
[WhiteTitle "II+"]
[BlackTitle "I"]
[WhiteElo "1175"]
[BlackElo "1209"]

1. d4 d5 2. c4 c6 3. e3 Bf5 4. Nc3 Nf6 5. Nf3 e6 6. cxd5 exd5 7. Be2 Bd6 8. O-O
O-O 9. Nh4 Bg6 10. Nxg6 fxg6 11. Qc2 Nbd7 12. Rb1 a5 13. Bd2 Qc7 14. h3 b5 15.
a3 Nb6 16. Na2 Nc4 17. Bxc4 bxc4 18. Rfc1 Ne4 19. Be1 Rf7 20. Nc3 Ng5 21. a4 Raf8
22. Qe2 Qe7 23. b3 cxb3 24. Rxb3 Bc7 25. h4 Ne6 26. g3 h5 27. Rb7 Qd6 28. Na2
Rf3 29. Qc2 Nd8 30. Rb3 g5 31. hxg5 h4 32. Qc5 Qe6 33. Kg2 hxg3 34. fxg3 Qe4 35.
Kh3 Ne6 36. Qxc6 Nxg5+ 37. Kh2 Qh4+ 38. Kg2 Qh3+ 39. Kg1 Rf1# 0-1

[Event "Mistrzostwa Polski Juniorek Mlodszych do lat 14 - OOM Zachodniopomorskie 2023"]
[Site "Darlowek"]
[Date "1899-12-30"]
[Round "7.19"]
[White "Oleksiuk, Anna"]
[Black "Mitrega, Lena"]
[Result "1/2-1/2"]
[WhiteTitle "II"]
[BlackTitle "II"]
[WhiteElo "1119"]
[BlackElo "1187"]

1. e4 e5 2. Nf3 Nc6 3. d4 d6 4. dxe5 Nxe5 5. Nxe5 dxe5 6. Qxd8+ Kxd8 7. Nc3 Bb4
8. Bd2 Nf6 9. f3 Be6 10. a3 Ba5 11. O-O-O Ke7 12. Nd5+ Nxd5 13. exd5 Bxd2+ 14.
Rxd2 Bf5 15. Bd3 Bxd3 16. Rxd3 f6 17. c4 Rhd8 18. Rhd1 Rd7 19. Kc2 Rad8 20. c5
c6 21. d6+ Ke6 22. Re1 b6 23. b4 bxc5 24. bxc5 Rb8 25. Rb1 Rxb1 26. Kxb1 Rb7+
27. Kc2 Kd7 28. g4 g6 29. Rb3 Rxb3 30. Kxb3 Ke6 31. Kc3 Kf7 32. Kd3 h6 33. h4
f5 34. h5 gxh5 35. gxh5 Ke6 36. a4 a5 37. Ke3 Kf7 38. Kf2 Kf6 39. Ke3 Kf7 40.
f4 e4 41. Kd4 Ke6 42. Kc3 Kd7 43. Kd4 1/2-1/2

[Event "Mistrzostwa Polski Juniorek Mlodszych do lat 14 - OOM Zachodniopomorskie 2023"]
[Site "Darlowek"]
[Date "1899-12-30"]
[Round "7.20"]
[White "Swiderska, Jagoda"]
[Black "Kretowicz, Daria"]
[Result "1/2-1/2"]
[WhiteTitle "I"]
[BlackTitle "I"]
[WhiteElo "1186"]
[BlackElo "1163"]

1. e4 c5 2. c3 e6 3. Nf3 Qc7 4. d4 cxd4 5. cxd4 d6 6. Bd3 Nf6 7. O-O Be7 8. Bg5
Nc6 9. Nbd2 O-O 10. Rc1 Qd7 11. a3 a6 12. Qc2 h6 13. Bf4 Qc7 14. Bg3 Bd7 15. e5
Nd5 16. Be4 f5 17. Bxd5 exd5 18. exd6 Bxd6 19. Bxd6 Qxd6 20. Qc5 Qxc5 21. dxc5
Rfe8 22. Rfe1 Rxe1+ 23. Rxe1 Re8 24. Rxe8+ Bxe8 25. Nb3 Bd7 26. Kf1 Kf7 27. Ke2
Kf6 28. Nbd4 Nxd4+ 29. Nxd4 Ke5 30. Kd3 g5 31. Nb3 f4 1/2-1/2

[Event "Mistrzostwa Polski Juniorek Mlodszych do lat 14 - OOM Zachodniopomorskie 2023"]
[Site "Darlowek"]
[Date "1899-12-30"]
[Round "7.21"]
[White "Woytitzki, Sophie"]
[Black "Szczepanska, Jagoda"]
[Result "1-0"]
[WhiteTitle "II"]
[BlackTitle "II+"]
[WhiteElo "1156"]
[BlackElo "1107"]

1. e4 e5 2. Nf3 Nc6 3. Nc3 Nf6 4. Bb5 Bd6 5. O-O h6 6. Re1 O-O 7. d4 exd4 8. Nxd4
Be5 9. Be3 Nxd4 10. Bxd4 Bxd4 11. Qxd4 d6 12. Rad1 Be6 13. e5 dxe5 14. Qxe5 Qc8
15. h3 c6 16. Bd3 Re8 17. Ne4 Nxe4 18. Qxe4 g6 19. Re3 Bd5 20. Qf4 Rxe3 21. Qxe3
Kh7 22. Qe7 Be6 23. a4 Rb8 24. Re1 Qd8 25. Rxe6 Qxe7 26. Rxe7 Kg7 27. Bc4 a6 28.
Rxf7+ Kh8 29. b4 b5 30. axb5 axb5 31. Bd3 g5 32. Rf6 Kg7 33. Rxc6 1-0

[Event "Mistrzostwa Polski Juniorek Mlodszych do lat 14 - OOM Zachodniopomorskie 2023"]
[Site "Darlowek"]
[Date "1899-12-30"]
[Round "7.22"]
[White "Socha, Maja"]
[Black "Kawala, Camilla"]
[Result "0-1"]
[WhiteTitle "II+"]
[BlackTitle "II"]
[WhiteElo "1073"]
[BlackElo "1110"]

1. e4 e5 2. Nf3 Nc6 3. Bb5 a6 4. Ba4 Nf6 5. d3 b5 6. Bb3 d6 7. c3 Be7 8. Nbd2 Bg4
9. h3 Bh5 10. O-O O-O 11. Re1 h6 12. Nf1 Na5 13. Bc2 c5 14. Ng3 Bg6 15. Nh4 Nh7
16. Nhf5 Nc6 17. Qf3 Bxf5 18. Nxf5 Bf6 19. Qg3 Kh8 20. Bb3 a5 21. Bd5 Rc8 22.
f4 Ne7 23. Ne3 Nxd5 24. Nxd5 Bh4 25. Qe3 Bxe1 26. Qxe1 Nf6 27. Ne3 exf4 28. Nf5
Nh5 29. Qf2 Qf6 30. Bxf4 Nxf4 31. Qxf4 Rcd8 32. Rf1 Qg5 33. Qh2 f6 34. Nxd6 Qe3+
35. Kh1 Qxd3 36. Nf5 Qxf1+ 37. Qg1 Qxg1+ 38. Kxg1 Rd2 39. Nh4 Kh7 40. b3 Rxa2
41. c4 bxc4 42. bxc4 Ra4 43. Kf2 Rxc4 44. Ke3 a4 45. Kd3 Rb4 46. Nf3 a3 47. Ne1
Ra8 48. Nc2 a2 49. Kc3 a1=Q+ 50. Nxa1 Rxa1 51. g4 Ra3+ 52. Kc2 Rxh3 53. Kd2 c4
54. Kc2 c3 55. Kd1 Rb2 56. Kc1 Rh1# 0-1

[Event "Mistrzostwa Polski Juniorek Mlodszych do lat 14 - OOM Zachodniopomorskie 2023"]
[Site "Darlowek"]
[Date "1899-12-30"]
[Round "7.23"]
[White "Kaminska, Zuzanna"]
[Black "Rduch, Diana"]
[Result "0-1"]
[WhiteTitle "II"]
[BlackTitle "I"]
[WhiteElo "1040"]
[BlackElo "1128"]

1. d4 d5 2. c4 e6 3. Nc3 Nf6 4. Bg5 Nbd7 5. Nf3 c6 6. e3 Qa5 7. Nd2 Bb4 8. Qc2
Ne4 9. Ndxe4 dxe4 10. Bf4 f5 11. Be2 O-O 12. a3 Be7 13. O-O g5 14. Bg3 f4 15.
exf4 gxf4 16. Bxf4 Rxf4 17. g3 Rf7 18. Qxe4 Qf5 19. Qxf5 exf5 20. c5 Bf6 21. Bc4
Bxd4 22. Bxf7+ Kxf7 23. Rfe1 Bxc3 24. bxc3 Nxc5 25. Re5 b6 26. Rae1 Be6 27. R5e3
Re8 28. h4 Bd7 29. Rxe8 Bxe8 30. Kg2 Bd7 31. Re3 h5 32. Kf3 Ne4 33. g4 hxg4+ 34.
Kf4 Nxf2 35. h5 Nh3+ 36. Ke5 b5 37. Kd6 Bc8 38. Re7+ Kf6 39. h6 Ng5 40. h7 Nxh7
41. Rxh7 f4 42. Rh1 f3 43. Rf1 Kf5 0-1

[Event "Mistrzostwa Polski Juniorek Mlodszych do lat 14 - OOM Zachodniopomorskie 2023"]
[Site "Darlowek"]
[Date "1899-12-30"]
[Round "7.24"]
[White "Pietrzak, Antonina"]
[Black "Lecka, Hanna"]
[Result "1/2-1/2"]
[WhiteTitle "I"]
[BlackTitle "II+"]
[WhiteElo "1104"]
[BlackElo "1105"]

1. e4 c6 2. d4 d5 3. e5 Bf5 4. h4 h5 5. Bd3 Bxd3 6. Qxd3 e6 7. Nf3 Nd7 8. Be3 Ne7
9. Nbd2 Nf5 10. Bg5 Qb6 11. b3 c5 12. c3 cxd4 13. cxd4 Be7 14. Bxe7 Nxe7 15. O-O
O-O 16. Ng5 Nf5 17. Ndf3 Rac8 18. Rac1 Rc6 19. Rc2 Rfc8 20. Rfc1 g6 21. Rxc6 Rxc6
22. Rxc6 Qxc6 23. Qd2 Kg7 24. Nh3 b6 25. Nf4 f6 26. exf6+ Nxf6 27. Ng5 Ne4 28.
Nfxe6+ Kf6 29. Nxe4+ dxe4 30. Qg5+ Kxe6 31. Qxg6+ Kd5 32. Qxf5+ Kxd4 33. Qxh5
Qc1+ 34. Kh2 Qf4+ 35. Kh3 Qxf2 36. Qd1+ Ke5 37. Qh5+ Kd4 38. Qd1+ Ke5 39. Qh5+
Kd4 40. Qd1+ Ke5 41. Qa1+ Kf5 1/2-1/2

[Event "Mistrzostwa Polski Juniorek Mlodszych do lat 14 - OOM Zachodniopomorskie 2023"]
[Site "Darlowek"]
[Date "1899-12-30"]
[Round "7.25"]
[White "Gancarz, Julia"]
[Black "Szczap, Malgorzata"]
[Result "1-0"]
[WhiteTitle "II"]
[BlackTitle "II"]
[WhiteElo "1057"]
[BlackElo "1103"]

1. e4 e6 2. d4 d5 3. Nd2 Nf6 4. e5 Nfd7 5. Bd3 c5 6. c3 b6 7. Ne2 Ba6 8. Bxa6 Nxa6
9. Nf3 Nc7 10. O-O c4 11. Qd2 f5 12. exf6 Nxf6 13. Qe3 Bd6 14. Nf4 O-O 15. Nxe6
Nxe6 16. Qxe6+ Kh8 17. Ng5 Qc7 18. g3 Rae8 19. Qh3 Qd7 20. Qxd7 Nxd7 21. b3 b5
22. a4 a6 23. axb5 axb5 24. bxc4 dxc4 25. Ra7 Nf6 26. Nf7+ Rxf7 27. Rxf7 b4 28.
cxb4 Bxb4 29. Rc7 c3 30. Rc4 Ba5 31. Ba3 Rb8 32. Rc5 Ra8 33. d5 h6 34. Rd1 Ne4
35. Rc4 Nd2 36. Rc6 Rb8 37. d6 Kh7 38. d7 Rb7 39. Rd6 Bc7 40. d8=Q Bxd8 41. Rxd8
Rc7 42. R8xd2 cxd2 43. Rxd2 Rb7 44. Rb2 Rd7 45. Re2 Rd1+ 46. Kg2 h5 47. Re5 Kh6
48. Bf8 Rd8 49. Bxg7+ Kxg7 50. Rxh5 Kg6 51. Ra5 Rd2 52. h4 Kh6 53. g4 Rd4 54.
g5+ Kh5 55. Ra6 Kxh4 56. g6 Rg4+ 57. Kf3 Kh5 58. Rf6 Rxg6 59. Rxg6 Kxg6 60. Kg4
Kf6 61. Kf4 Kg6 62. Ke5 Kf7 63. Kf5 Kg7 64. Ke6 Kf8 65. f4 Ke8 66. f5 Kf8 67.
Kf6 Ke8 68. Kg7 Ke7 69. f6+ Ke8 70. f7+ Ke7 71. f8=Q+ Ke6 72. Qd8 Ke5 73. Kf7
Ke4 74. Kf6 Ke3 75. Kf5 Kf3 76. Qe7 Kf2 77. Kf4 Kf1 78. Kf3 Kg1 79. Qe2 Kh1 80.
Qg2# 1-0

[Event "Mistrzostwa Polski Juniorek Mlodszych do lat 14 - OOM Zachodniopomorskie 2023"]
[Site "Darlowek"]
[Date "1899-12-30"]
[Round "8.1"]
[White "Natoli, Alessia"]
[Black "Obukhava, Anastasiya"]
[Result "1-0"]
[WhiteTitle "k"]
[BlackTitle "I"]
[WhiteElo "1838"]
[BlackElo "1610"]

1. e4 c5 2. Nc3 e6 3. f4 d5 4. Nf3 dxe4 5. Nxe4 Nf6 6. Bb5+ Bd7 7. Bxd7+ Nbxd7
8. d3 Qc7 9. Qe2 Be7 10. Bd2 Nd5 11. g3 O-O 12. O-O Rae8 13. c4 N5b6 14. Bc3 Na4
15. Be5 Nxe5 16. Nxe5 Nb6 17. Qh5 Nd7 18. Nf3 h6 19. Rad1 f5 20. Nc3 Bf6 21. Rfe1
Bxc3 22. bxc3 e5 23. Nh4 Nf6 24. Qxf5 exf4 25. gxf4 Qc6 26. Ng6 Rf7 27. Ne5 Ree7
28. Nxf7 Rxf7 29. Qe5 Qf3 30. Qe3 Qh5 31. Qg3 Nd7 32. Kh1 Nf8 33. Rd2 Qf5 34.
Rf2 Qf6 35. Re5 Nd7 36. Re8+ Kh7 37. f5 Nf8 38. Rc8 Qxc3 39. Rxc5 b6 40. Rc6 Qa5
41. f6 g6 42. Rc7 Qe1+ 43. Kg2 Kg8 44. Rxf7 Kxf7 45. Qc7+ 1-0

[Event "Mistrzostwa Polski Juniorek Mlodszych do lat 14 - OOM Zachodniopomorskie 2023"]
[Site "Darlowek"]
[Date "1899-12-30"]
[Round "8.2"]
[White "Chmielek, Kamelia"]
[Black "Moczala, Maja"]
[Result "1/2-1/2"]
[WhiteTitle "I+"]
[BlackTitle "I++"]
[WhiteElo "1420"]
[BlackElo "1707"]

1. e4 c5 2. Nf3 Nc6 3. d4 cxd4 4. Nxd4 Nf6 5. Nc3 d6 6. Bg5 e6 7. Qd3 a6 8. Nxc6
bxc6 9. O-O-O Qc7 10. Be2 Bb7 11. Rhe1 O-O-O 12. Bf4 Be7 13. Qc4 Nd7 14. Na4 Nb6
15. Nxb6+ Qxb6 16. Rd3 Qb5 17. Rb3 Qxc4 18. Bxc4 Kc7 19. Bd2 Rb8 20. Ba5+ Kd7
21. Rd1 Bg5+ 22. Kb1 Bd8 23. Bxd8 Rhxd8 24. Ra3 Ra8 25. Be2 Ke7 26. Ra5 c5 27.
Bf3 f6 28. Re1 h6 29. Kc1 Rac8 30. Re3 Rc7 31. e5 Bxf3 32. exf6+ gxf6 33. Rxf3
Rg8 34. g3 Ra7 35. Rfa3 Rga8 36. R3a4 e5 37. Rh4 Rh8 38. Rha4 Rha8 39. Rh4 Rh8
40. f4 Ke6 41. fxe5 fxe5 42. Kd2 Raa8 43. Ke2 h5 44. Ra3 Ra7 45. g4 Rah7 46. Rah3
Rb7 47. b3 Rf7 48. Rxh5 Rhf8 49. Rh6+ Kd5 50. Rd3+ Ke4 51. Re3+ Kd5 52. Rd3+ Ke4
53. Re3+ 1/2-1/2

[Event "Mistrzostwa Polski Juniorek Mlodszych do lat 14 - OOM Zachodniopomorskie 2023"]
[Site "Darlowek"]
[Date "1899-12-30"]
[Round "8.3"]
[White "Konkol, Sandra"]
[Black "Gaszka, Zuzanna"]
[Result "0-1"]
[WhiteTitle "I+"]
[BlackTitle "I++"]
[WhiteElo "1468"]
[BlackElo "1740"]

1. e4 c6 2. d4 d5 3. e5 Bf5 4. h4 Qc7 5. g4 Bd7 6. f4 e6 7. Bd3 c5 8. c3 cxd4 9.
cxd4 Nc6 10. Nf3 Qb6 11. Bc2 Nh6 12. Rg1 Nb4 13. f5 Nxc2+ 14. Qxc2 Rc8 15. Nc3
exf5 16. Bxh6 Qxh6 17. gxf5 Qf4 18. Qe2 Qxf5 19. Rf1 Bb4 20. Ng5 Bxc3+ 21. bxc3
Qg6 22. Nxf7 Qg3+ 23. Qf2 Qxc3+ 24. Qd2 Qxa1+ 25. Kf2 Qxf1+ 26. Kxf1 O-O 27. Qa5
Rxf7+ 28. Kg2 Rcf8 0-1

[Event "Mistrzostwa Polski Juniorek Mlodszych do lat 14 - OOM Zachodniopomorskie 2023"]
[Site "Darlowek"]
[Date "1899-12-30"]
[Round "8.4"]
[White "Borowik, Monika"]
[Black "Wojs, Alicja"]
[Result "0-1"]
[WhiteTitle "I"]
[BlackTitle "I++"]
[WhiteElo "1372"]
[BlackElo "1639"]

1. d4 d5 2. c4 e6 3. Nf3 Nf6 4. Nc3 dxc4 5. e3 c5 6. Bxc4 a6 7. a4 cxd4 8. exd4
Be7 9. O-O Nc6 10. Bf4 O-O 11. d5 exd5 12. Nxd5 Nxd5 13. Bxd5 Bf6 14. Qd2 Qb6
15. Ng5 Bxg5 16. Bxg5 h6 17. Be3 Qd8 18. Rfd1 Qf6 19. Rac1 Bf5 20. Qe2 Rfe8 21.
Qf3 Ne5 22. Qg3 Rad8 23. Bxb7 Nd3 24. Rxd3 Rxd3 25. h3 Qxb2 26. Rc7 Qb1+ 27. Kh2
Rd1 28. Qf4 Rh1+ 29. Kg3 Be6 30. Be4 Qg1 31. Kf3 Qd1+ 32. Kg3 Qh5 33. Qh4 Qxh4+
34. Kxh4 Bxh3 35. gxh3 Rxe4+ 36. Kg3 Rxa4 37. Rc8+ Kh7 38. Rc7 f6 39. Rd7 a5 40.
Bd4 Rd1 0-1

[Event "Mistrzostwa Polski Juniorek Mlodszych do lat 14 - OOM Zachodniopomorskie 2023"]
[Site "Darlowek"]
[Date "1899-12-30"]
[Round "8.5"]
[White "Klintsevich, Aliaksandra"]
[Black "Michalska, Lena"]
[Result "0-1"]
[WhiteTitle "I"]
[BlackTitle "I"]
[WhiteElo "1541"]
[BlackElo "1405"]

1. d4 d5 2. c4 e6 3. Nc3 Nf6 4. cxd5 exd5 5. Bg5 c6 6. e3 Bd6 7. Bd3 h6 8. Bh4
Be6 9. Nf3 Nbd7 10. O-O Qc7 11. Rc1 O-O 12. Nb5 Qb8 13. Nxd6 Qxd6 14. Bg3 Qe7
15. a3 c5 16. dxc5 Nxc5 17. Bb1 Rac8 18. Nd4 Nce4 19. Qe2 Bg4 20. Qd3 Bh5 21.
Bh4 Bg6 22. Qe2 Rfe8 23. Bxf6 Qxf6 24. Ba2 Nd6 25. Rxc8 Nxc8 26. Qb5 Nd6 27. Qxd5
Be4 28. Qh5 Rc8 29. Bb1 Bxb1 30. Rxb1 Ne4 31. Qe2 Qb6 32. Qg4 Nd6 33. h4 Rc5 34.
b4 Rc4 35. Qd7 Rc7 36. Qh3 Nb5 37. Nxb5 Qxb5 38. Rd1 Qe5 39. g4 Rc3 40. Qf3 Qe7
41. Qf5 Qxh4 42. Kg2 Qg5 43. Qe4 Rc7 44. Rd5 Qe7 45. Qd4 b6 46. Rd8+ Kh7 47. Qd3+
g6 48. Qd4 f6 49. f4 Qg7 50. Qd6 h5 51. Qd1 Qe7 52. gxh5 Qe4+ 53. Kg3 Qxe3+ 54.
Qf3 Qxf3+ 55. Kxf3 gxh5 56. Ke4 Kg6 57. Rg8+ Kh7 58. Rf8 Kg7 59. Rd8 h4 60. Rd3
Kg6 61. Rh3 f5+ 62. Ke5 Re7+ 63. Kd6 Rh7 64. Ke6 Rh5 65. Ke7 Rh8 66. Ke6 Kh5 67.
Kxf5 Rf8+ 68. Ke5 Kg4 69. Rh1 Re8+ 70. Kf6 Rf8+ 71. Ke6 Rxf4 0-1

[Event "Mistrzostwa Polski Juniorek Mlodszych do lat 14 - OOM Zachodniopomorskie 2023"]
[Site "Darlowek"]
[Date "1899-12-30"]
[Round "8.6"]
[White "Kawka, Milena"]
[Black "Kucia, Kinga"]
[Result "1-0"]
[WhiteTitle "I+"]
[BlackTitle "I"]
[WhiteElo "1522"]
[BlackElo "1253"]

1. e4 c5 2. Nf3 Nc6 3. Bb5 g6 4. Bxc6 dxc6 5. O-O Bg7 6. h3 Nf6 7. Re1 O-O 8. d3
Bd7 9. Nc3 Qc7 10. Be3 b6 11. Qd2 Rad8 12. a4 a5 13. Bf4 Qb7 14. Bg5 Rfe8 15.
Ne5 Be6 16. f4 Nd7 17. Nf3 Nf6 18. g4 Qc7 19. Kg2 Bc8 20. f5 Nd7 21. Qf2 h6 22.
Bh4 g5 23. Bg3 Qb7 24. e5 c4 25. dxc4 Nc5 26. Rad1 Rd7 27. Qe2 Red8 28. b3 Na6
29. Bf2 Nb4 30. Rxd7 Rxd7 31. c5 bxc5 32. Bxc5 Nd5 33. Nxd5 Rxd5 34. Qe3 Qd7 35.
Bd4 Ba6 36. c4 Rxd4 37. Qxd4 Qc7 38. Rd1 Qb7 39. Rd3 e6 40. fxe6 fxe6 41. Qe4
Kf7 42. Nd4 c5 43. Qxb7+ Bxb7+ 44. Nf3 Ke7 45. Re3 Bc6 46. Kf2 Bb7 47. Nd2 Bc6
48. Kg3 Bb7 49. Nb1 Kf7 50. Nc3 Ke7 51. Ne2 Kf7 52. Nc1 Bf8 53. Rd3 Ke7 54. h4
gxh4+ 55. Kxh4 Bg7 56. Re3 Bf8 57. Nd3 Kd7 58. Re2 Be7+ 59. Kh5 Bf3 60. Re3 Bd1
61. Nxc5+ Ke8 62. Nxe6 Kf7 63. Nd4 Bg5 64. Re1 1-0

[Event "Mistrzostwa Polski Juniorek Mlodszych do lat 14 - OOM Zachodniopomorskie 2023"]
[Site "Darlowek"]
[Date "1899-12-30"]
[Round "8.7"]
[White "Duda, Aleksandra"]
[Black "Pawlikowska, Ewa"]
[Result "1-0"]
[WhiteTitle "I++"]
[BlackTitle "I"]
[WhiteElo "1570"]
[BlackElo "1343"]

1. d4 Nf6 2. Nf3 e6 3. Bf4 c5 4. c3 Be7 5. e3 O-O 6. Bd3 b6 7. O-O Ba6 8. h3 Bxd3
9. Qxd3 Nc6 10. Nbd2 d5 11. Ne5 Nxe5 12. Bxe5 Rc8 13. Rfe1 Qd7 14. Rad1 Rfd8 15.
Qe2 Qb7 16. Qf3 b5 17. dxc5 Rxc5 18. Bd4 Rcc8 19. Rc1 Nd7 20. e4 Bc5 21. exd5
exd5 22. Nb3 Bxd4 23. Nxd4 Nc5 24. Nf5 Ne6 25. Rcd1 b4 26. cxb4 Qxb4 27. Qg3 g6
28. Re2 Rd7 29. Red2 d4 30. Nh6+ Kg7 31. Ng4 f6 32. Qh4 Rf8 33. Qh6+ Kg8 34. f4
Rdf7 35. Qh4 Kg7 36. Qg3 Kh8 37. Nf2 Rd7 38. Nd3 Qb6 39. Qf3 Re8 40. Rc2 Kg7 41.
Rc6 Qb5 42. Rdc1 a5 43. f5 Ng5 44. Qf1 Re3 45. fxg6 Ne4 46. Nf2 Qxf1+ 47. Rxf1
Nxf2 48. Rxf2 hxg6 49. Rfxf6 d3 50. Rxg6+ Kh7 51. Rgd6 Ree7 52. Rxd7 Rxd7 53.
Rc1 Kg6 54. Kf2 Kf5 55. Ke3 Rb7 56. b3 Rg7 57. g4+ Kg5 58. Kxd3 Kh4 59. Rc5 Kxh3
60. Rxa5 Rxg4 61. Ra4 Rg3+ 62. Kc4 Kg4 63. Ra8 Kf5 64. b4 Ke6 65. Rd8 Ke7 66.
Rd2 Rg1 67. a4 Ra1 68. a5 Ke6 69. Kc5 Ra3 70. Kb6 Ke7 71. b5 Ke8 72. a6 Ke7 73.
Kb7 Ke8 74. a7 Ke7 75. a8=Q Rxa8 76. Kxa8 Ke8 77. b6 Ke7 78. b7 Ke8 79. b8=Q+
Ke7 80. Qe5+ Kf8 81. Rf2+ Kg8 82. Qg5+ Kh8 83. Rh2# 1-0

[Event "Mistrzostwa Polski Juniorek Mlodszych do lat 14 - OOM Zachodniopomorskie 2023"]
[Site "Darlowek"]
[Date "1899-12-30"]
[Round "8.8"]
[White "Kicinska, Anna"]
[Black "Gajda, Anna"]
[Result "1-0"]
[WhiteTitle "I++"]
[BlackTitle "I"]
[WhiteElo "1424"]
[BlackElo "1248"]

1. c4 e6 2. Nf3 f5 3. g3 b6 4. Bg2 Bb7 5. d4 Bb4+ 6. Nc3 Nf6 7. Bd2 O-O 8. O-O
Qe8 9. a3 Bxc3 10. Bxc3 d6 11. b4 Nbd7 12. Qb3 Ne4 13. Bb2 Qg6 14. Rad1 Kh8 15.
Qc2 Ndf6 16. Ne1 Rab8 17. Nd3 Ng4 18. Qc1 Qh5 19. h3 Ngf6 20. Nf4 Qe8 21. Qc2
Nh5 22. Nxh5 Qxh5 23. Qd3 Ng5 24. h4 Bxg2 25. Kxg2 Ne4 26. f3 Nf6 27. Qe3 Rbe8
28. Qg5 h6 29. Qf4 Qg6 30. Qe3 Nh5 31. Qf2 Re7 32. Rc1 Nf6 33. Kh2 Qe8 34. Rfe1
Qa4 35. Qe3 Qd7 36. Red1 Ref7 37. Rc2 Qe7 38. Kg2 Nh5 39. d5 e5 40. Qd2 e4 41.
Qxh6+ Kg8 42. Qxh5 exf3+ 43. exf3 Qe3 44. Rdd2 Re7 45. f4 Rfe8 46. Qf3 Qe1 47.
Bc3 Re3 48. Qf2 Qb1 49. Re2 R3e7 50. Rxe7 Rxe7 51. Re2 Re4 52. Rxe4 Qxe4+ 53.
Kg1 Qb1+ 54. Kh2 Qb3 55. Qd4 1-0

[Event "Mistrzostwa Polski Juniorek Mlodszych do lat 14 - OOM Zachodniopomorskie 2023"]
[Site "Darlowek"]
[Date "1899-12-30"]
[Round "8.9"]
[White "Babinska, Liwia"]
[Black "Rusiecki, Katarzyna"]
[Result "1-0"]
[WhiteTitle "I"]
[BlackTitle "I+"]
[WhiteElo "1294"]
[BlackElo "1370"]

1. e4 e6 2. d4 d5 3. Nc3 Nf6 4. Bg5 dxe4 5. Nxe4 Be7 6. Nxf6+ Bxf6 7. Bxf6 Qxf6
8. Nf3 O-O 9. Bd3 c5 10. O-O Nc6 11. dxc5 h6 12. c3 e5 13. h3 Qe7 14. b4 f5 15.
Bc4+ Kh8 16. Qc2 e4 17. Nd4 Qf6 18. Nxc6 bxc6 19. Rfd1 Qh4 20. Qe2 Bb7 21. Rd7
Rab8 22. Ba6 Ba8 23. Rxa7 Rbe8 24. Qd2 f4 25. Qd7 Qf6 26. Qd4 Qg5 27. Re1 e3 28.
f3 Qg3 29. Re2 Rd8 30. Rd7 Rde8 31. Bd3 Qg5 32. Bc2 Re5 33. Qd3 g6 34. Qxg6 Qxg6
35. Bxg6 Rd5 36. Rxd5 cxd5 37. Kf1 Bc6 38. Bd3 Rb8 39. Rb2 Kg7 40. b5 Bb7 41.
Rb4 Rc8 42. c6 Bxc6 43. bxc6 Rxc6 44. Rb3 Kf6 45. a4 Rc5 46. Bb5 Ke5 47. Ke2 h5
48. Kd3 Rc7 49. a5 Rg7 50. Rb2 Ra7 51. a6 Rc7 52. Be8 Ra7 53. Rb6 Rg7 54. Rg6
Ra7 55. Bb5 h4 56. Rg8 Kd6 57. Kd4 Re7 58. Rg6+ Kc7 59. a7 Kb7 60. Ra6 1-0

[Event "Mistrzostwa Polski Juniorek Mlodszych do lat 14 - OOM Zachodniopomorskie 2023"]
[Site "Darlowek"]
[Date "1899-12-30"]
[Round "8.10"]
[White "Palejko, Gabriela"]
[Black "Nowak, Emilia"]
[Result "1/2-1/2"]
[WhiteTitle "I"]
[BlackTitle "I"]
[WhiteElo "1344"]
[BlackElo "1252"]

1. e4 e5 2. Nf3 Nc6 3. Nc3 Nf6 4. d4 exd4 5. Nxd4 Bb4 6. Nxc6 bxc6 7. Bd3 d5 8.
exd5 cxd5 9. O-O O-O 10. Bg5 c6 11. Qf3 Bd6 12. h3 Rb8 13. Rab1 h6 14. Bh4 Bb7
15. Rfe1 a6 16. a3 c5 17. Qf5 Bc8 18. Bxf6 Bxf5 19. Bxd8 Bxd3 20. cxd3 Rfxd8 21.
Nxd5 Bf8 22. Ne7+ Bxe7 23. Rxe7 Rxd3 24. Rc7 Rxa3 25. Rxc5 Rab3 26. Ra5 R8b6 27.
f3 f6 28. Kh2 Kf7 29. Rba1 Rxb2 30. Rxa6 Rxa6 31. Rxa6 1/2-1/2